000 00505nam a22002297a 4500
003 UA-OsUOA
001 87133
007 ta
008 20120914b un ||||| |||| 00| 0 ukr d
100 _aЮферев Д.
090 _a82.09
_bЮ 93
942 _cBK
040 _aUA-OsUOA
_brus
_cUA-OsUOA
_dUA-OsUOA
245 _aОстровський Н. А.
300 _a157 с.
955 _a3
041 _arus
080 _a82.09
260 _aМ.
_bГИУЛ
_c1954
650 7 _2UDC
999 _c373424
_d373424